00550nam a2200205Ia 450000500170000000800410001704000190005804100120007708200130008910000090010224500760011126000410018730000150022850400190024363000260026265000090028865100180029770000190031585000100033420230811115657.0131103s9999 xx 000 0 und d aLoreto College aEnglish a920bUNU aNu,U aU Nu Saturday's SoncU Nu;translated by U Law Yone;edited by U Kyaw Win aBombaybBharatiya Vidya Bhavanc1976 axv,358 p.  aIncludes index aBurma - Autobiography aNu,U aAutobiography aYone,U Low,tr. aLCLIB